<?xml version="1.0" encoding="UTF-8"?>
<collection xmlns:xsi="http://www.w3.org/2001/XMLSchema-instance" xsi:schemaLocation="http://www.loc.gov/MARC21/slim http://www.loc.gov/standards/marcxml/schema/MARC21slim.xsd" xmlns="http://www.loc.gov/MARC21/slim">
 <record>
  <leader>00000cab a22000003a 4500</leader>
  <controlfield tag="001">UP-99796217608682619</controlfield>
  <controlfield tag="003">Buklod</controlfield>
  <controlfield tag="005">20231007234637.0</controlfield>
  <controlfield tag="006">m    |o  d |      </controlfield>
  <controlfield tag="007">ta</controlfield>
  <controlfield tag="008">090202s        xx     d | ||r |||||   ||</controlfield>
  <datafield tag="035" ind1=" " ind2=" ">
   <subfield code="a">(iLib)UPD-00073797312</subfield>
  </datafield>
  <datafield tag="040" ind1=" " ind2=" ">
   <subfield code="a">DENGII</subfield>
  </datafield>
  <datafield tag="041" ind1=" " ind2=" ">
   <subfield code="a">eng</subfield>
  </datafield>
  <datafield tag="100" ind1="0" ind2=" ">
   <subfield code="a">Dharmapurikar, Sarang</subfield>
  </datafield>
  <datafield tag="245" ind1="0" ind2="0">
   <subfield code="a">Longest prefix matching using bloom filters.</subfield>
  </datafield>
  <datafield tag="300" ind1=" " ind2=" ">
   <subfield code="a">pp. 201-212</subfield>
  </datafield>
  <datafield tag="520" ind1=" " ind2=" ">
   <subfield code="a">We introduce the first algorithm that we are aware of to employ Bloom filters for Longest Prefix Matching (LPM). The algorithm performs parallel queries on Bloom filters, an efficient data structure for membership queries, in order to determine address prefix membership in sets of prefixes sorted by prefix length. We show that use of this algorithm for Internet Protocol (IP) routing lookups results in a search engine providing better performance and scalability than TCAM-based approaches. The key feature of our technique is that the performance, as determined by the number of dependent memory accesses per lookup, can be held constant for longer address lengths or additional unique address prefix lengths in the forwarding table given that memory resources scale linearly with the number of prefixes in the forwarding table.Our approach is equally attractive for Internet Protocol Version 6 (IPv6) which uses 128-bit destination addresses, four times longer than IPv4. We present a basic version of our approach along with optimizations leveraging previous advances in LPM algorithms. We also report results of performance simulations of our system using snapshots of IPv4 BGP tables and extend the results to IPv6. Using less than 2Mb of embedded RAM and a commodity SRAM device, our technique achieves average performance of one hash probe per lookup and a worst case of two hash probes and one array access per lookup.</subfield>
  </datafield>
  <datafield tag="653" ind1=" " ind2=" ">
   <subfield code="a">Computer systems organization.</subfield>
  </datafield>
  <datafield tag="653" ind1=" " ind2=" ">
   <subfield code="a">Computer communication networks.</subfield>
  </datafield>
  <datafield tag="653" ind1=" " ind2=" ">
   <subfield code="a">Internetworking.</subfield>
  </datafield>
  <datafield tag="653" ind1=" " ind2=" ">
   <subfield code="a">Routers.</subfield>
  </datafield>
  <datafield tag="653" ind1=" " ind2=" ">
   <subfield code="a">Algorithms.</subfield>
  </datafield>
  <datafield tag="653" ind1=" " ind2=" ">
   <subfield code="a">Design.</subfield>
  </datafield>
  <datafield tag="653" ind1=" " ind2=" ">
   <subfield code="a">Performance.</subfield>
  </datafield>
  <datafield tag="773" ind1="0" ind2=" ">
   <subfield code="t">Computer communication review.</subfield>
   <subfield code="g">33, 4 (2003).</subfield>
  </datafield>
  <datafield tag="905" ind1=" " ind2=" ">
   <subfield code="a">FO</subfield>
  </datafield>
  <datafield tag="852" ind1=" " ind2=" ">
   <subfield code="a">UPD</subfield>
   <subfield code="b">DENG-II</subfield>
  </datafield>
  <datafield tag="942" ind1=" " ind2=" ">
   <subfield code="a">Article</subfield>
  </datafield>
 </record>
</collection>
